Vista normal
Vista MARC
Entrada Nombre corporativo
Número de registros utilizados en: 2
001 - NÚMERO DE CONTROL
- Campo de control: 36995
003 - IDENTIFICADOR DE NÚMERO DE CONTROL
- Campo de control: ES-MaCES
005 - FECHA Y HORA DE LA ULTIMA MODIFICACION
- Campo de control: 20160621120808.0
008 - ELEMENTOS DE DATOS DE LONGITUD FIJA
- Campo de longitud fija: 160621|| azz||aabn | a|a d
040 ## - FUENTE DE LA CATALOGACIÓN
- Agencia original de catalogación: ES-MaCES
110 14 - ENCABEZAMIENTO--NOMBRE CORPORATIVO
- Nombre corporativo o de jurisdicción como elemento de entrada: España
- Título de una obra: Ley de patentes
- Lugar de reunión o firma del tratado: 2015
670 ## - FUENTE DE DATOS ENCONTRADOS
- Fuente de citación: BOE nº 177, de 25 de julio de 2015, páginas 62765 a 62854 (90 págs.)
- Información encontrada: Ley 24/2015, de 24 de jul.

